Cuando los economistas alcanzaron el poder: o cómo se gestó la confianza en los expertos /
La autora analiza el rol de las personas economistas, a partir de la comprensión de ese quehacer en dos esferas: la economía como ciencia, y la economía como realidad. De lo anterior, la autora establece la influencia de dicha rama en los procesos de crisis y transformación profunda de la sociedad,...
Đã lưu trong:
| Tác giả chính: | |
|---|---|
| Định dạng: | Sách |
| Ngôn ngữ: | Spanish |
| Được phát hành: |
Argentina:
Siglo Veintiuno editores,
2015
|
| Loạt: | Sociología y política
|
| Những chủ đề: | |
| Các nhãn: |
Thêm thẻ
Không có thẻ, Là người đầu tiên thẻ bản ghi này!
|
MARC
| LEADER | 00000nam a22000007a 4500 | ||
|---|---|---|---|
| 003 | cru CIDCACS/IIS | ||
| 005 | 20230906144948.0 | ||
| 007 | ta | ||
| 008 | 170524t2015 ag ||||| |||| 00| 0 spa d | ||
| 020 | |a 9789876295925 | ||
| 040 | |c cru CIDCACS/IIS | ||
| 090 | |a 03.01.02 H542c | ||
| 100 | 1 | |9 4873 |a Heredia, Mariana | |
| 245 | 1 | |a Cuando los economistas alcanzaron el poder: |b o cómo se gestó la confianza en los expertos / |c Mariana Heredia | |
| 260 | |a Argentina: |b Siglo Veintiuno editores, |c 2015 | ||
| 300 | |a 299 páginas | ||
| 440 | 0 | |9 2430 |a Sociología y política | |
| 520 | |a La autora analiza el rol de las personas economistas, a partir de la comprensión de ese quehacer en dos esferas: la economía como ciencia, y la economía como realidad. De lo anterior, la autora establece la influencia de dicha rama en los procesos de crisis y transformación profunda de la sociedad, a partir de la interacción que los científicos y economistas dan forma a lo “real” que reivindican como objeto de reflexión, para el caso argentino. Como técnicas de investigación, se emplearon entrevistas a profundidad de economistas en el periodo 2002-2003, la revisión documental de testimonios publicados y de las recopilaciones de los eventos acaecidos en el periodo señalado por la autora (prensa escrita, ponencias especializadas, conferencias académicas). Se establecen como objetivos de análisis: 1. Desentrañar la intervención de economistas en la lucha contra la inflación y las reformas de mercado en la Argentina de 1976-2001; 2. Señalar los desafíos de quienes se ubican entre el progreso del conocimiento, el compromiso político y cambio social; en diversos perfiles profesionales, ideológicos y generacionales de quienes ejercen la economía como profesión; los cuales se manifiestan en los cinco capítulos establecidos por la autora. Se concluye que, en la actualidad, las agrupaciones de especialistas contribuyen a definir y elaborar decisiones que estructuran la sociedad, siendo el realismo, quien justifica los cambios más radicales. | ||
| 650 | 1 | 0 | |9 7446 |a ECONOMISTAS |
| 650 | 1 | 0 | |9 416 |a INTELECTUALES |
| 650 | 1 | 0 | |9 6343 |a CRISIS ECONOMICA |
| 650 | 4 | |9 2667 |a INFLACION | |
| 650 | 0 | |a CICLOS ECONOMICOS |9 6299 | |
| 651 | 0 | |9 3346 |a ARGENTINA | |
| 942 | |2 ddc |c LI | ||
| 999 | |c 19378 |d 19378 | ||



